First Steps in Literature: Volumen II

Gespeichert in:
Bibliographische Detailangaben
1. Verfasser: Ramírez, Raul (VerfasserIn)
Weitere Verfasser: Mac-Courtney, Joseph D.
Format: Buch
Sprache:Englisch
Erschienen: santiago Imprenta Universitaria 1935
Ausgabe:2° ed.
Katalog:MANES:  Suchergebnis im Bibliothekskatalog
Schulbuchspezifische Eigenschaften:
Tags: Tag hinzufügen
Keine Tags, Fügen Sie den ersten Tag hinzu!
Hinzugefügt zu:22.11.2020
Geändert in:25.04.2025

MARC

LEADER 00000nam a22000007a 4500
005 20250425101505.0
008 201123b ||||| |||| 00| 0 eng d
040 |a MGM 
561 |5 cl-MGM  |3 T 372.6521045 R173 1935 5°H  |a Chile. Museo Gabriela Mistral  |k MANES 
999 |c 91084  |d 91084 
100 |9 30927  |a Ramírez, Raul  |e Autor 
245 |a First Steps in Literature: Volumen II 
250 |a 2° ed.  
260 |a santiago  |b Imprenta Universitaria  |c 1935 
300 |a 232 p.  |c 18 x 13,5 cm. 
521 |a Para V y VI año de humanidades  
546 |a chile  
690 |a LE 
691 |a SE 
700 |9 30930  |a Mac-Courtney, Joseph D. 
942 |2 ddc  |c BK 
999 |c manes:91084  |d 91084